000 nam a22 a 4500
999 _c429485
_d429485
003 BLK
005 20230404141021.0
008 180409b bul|||||r ||||||| ||bul||
040 _aBLK
041 _aBUL
_cBUL
080 _aБългарска литература(изследвания)
_b821.163.2.09
_z821.163.2.09
080 _aБългарски писател, класик
_b929 Йовков, Йордан Стефанов
_z929 Йовков, Йордан Стефанов
100 1 _aВелчев, Велчо Петров
_eпърви автор
_9374557
139 _aВелчев, Велчо Петров
245 1 0 _aЙордан Йовковите Старопланински легенди
_bЛитературно-естетичен опит
_cВелчо Петров Велчев
257 _aBGR
260 _bС. М. Стайков
_c1939
_aСофия
_9213205
300 _a32 с.
_c24 см
380 _a82
600 0 _9241968
_aЙовков, Йордан Стефанов
650 0 _aЛитературознание, сравнително
_9245262
653 _aлитература
852 _aЦб 8.245.823
_bЦб
942 _cKNG
_n0
_s1
944 _aCR
_c2021-08-20
_kнр
999 _d429481
999 _d429347